[Event "chess.com Speed 2021"]
[Site "chess.com INT"]
[Date "2021.11.11"]
[Round "1.33"]
[White "Aronian, Levon"]
[Black "Dubov, Daniil"]
[Result "1/2-1/2"]
[WhiteTitle "GM"]
[BlackTitle "GM"]
[WhiteElo "2782"]
[BlackElo "2714"]
[WhiteFideId "13300474"]
[BlackFideId "24126055"]
[EventDate "2021.11.08"]
[EventType "k.o."]

1. d4 c5 2. d5 d6 3. e4 g6 4. Nc3 Bg7 5. Nf3 Nf6 6. Bb5+ Nfd7 7. a4 Na6 8. O-O
Nc7 9. Bc4 O-O 10. Re1 Rb8 11. Bf4 a6 12. a5 b5 13. axb6 Nxb6 14. Bf1 Bg4 15.
Ra2 Nd7 16. h3 Bxf3 17. Qxf3 f5 18. Bg5 Ne5 19. Qg3 h6 20. Bc1 g5 21. f4 gxf4
22. Bxf4 Kh8 23. Qe3 Ng4 24. Qd2 Bd4+ 25. Kh1 e5 26. dxe6 Nf2+ 27. Kh2 Nxe6 28.
Be3 Ng4+ 29. hxg4 Qh4+ 30. Kg1 fxg4 31. Bxd4+ Nxd4 32. Re3 Rf6 33. Qe1 Qg5 34.
e5 Nxc2 35. exf6 Nxe1 36. Rxe1 Qxf6 37. g3 Qd4+ 38. Kg2 Rf8 39. Re2 Rf3 40. Ra1
Qf6 41. Ne4 Qe5 42. Rxa6 d5 43. Rxh6+ Kg7 44. Rh4 dxe4 45. Rxg4+ Kf6 46. Rexe4
Rxg3+ 47. Rxg3 Qxe4+ 48. Rf3+ Ke5 49. b3 Qc2+ 50. Kg3 Ke4 51. Bg2 Kd4 52. Bf1
Qg6+ 53. Kf2 Qg5 54. Bc4 Qh4+ 55. Kg2 Ke4 56. Bd3+ Kd4 57. Bc4 Qe4 58. Kf2 Qc2+
59. Kg3 Qd2 60. Rf4+ Ke5 61. Rf3 Qe1+ 62. Kg2 Qd2+ 63. Kg3 Ke4 64. Bf1 Qg5+ 65.
Kf2 Qh4+ 66. Kg2 Qg5+ 67. Kf2 Qh4+ 68. Kg2 Qg4+ 69. Rg3 Qd1 70. Kf2 Kf4 71. Rd3
Qc2+ 72. Be2 Qb2 73. Rf3+ Ke4 74. Rg3 Kd4 75. Rg4+ Kc3 76. Rg3+ Kc2 77. Rf3 Qd4+
78. Kg2 Kd2 79. Bf1 Ke1 80. Kh2 Qe5+ 81. Kg2 Qg7+ 82. Kh2 Qb2+ 83. Kg3 Qe5+ 84.
Kg2 Qe4 85. Kg3 Kd2 86. Kf2 Qh4+ 87. Kg2 Ke1 88. Re3+ Kd2 89. Rd3+ Kc2 90. Rf3
Qe4 91. Kg3 Qe5+ 92. Kf2 Kd2 93. Kg2 Ke1 94. Rg3 Qe4+ 95. Rf3 Qd5 96. Bc4 Qg5+
97. Rg3 Qd2+ 98. Kh3 Qd7+ 99. Kg2 1/2-1/2

[Event "chess.com Speed 2021"]
[Site "chess.com INT"]
[Date "2021.11.11"]
[Round "1.34"]
[White "Dubov, Daniil"]
[Black "Aronian, Levon"]
[Result "1-0"]
[WhiteTitle "GM"]
[BlackTitle "GM"]
[WhiteElo "2714"]
[BlackElo "2782"]
[WhiteFideId "24126055"]
[BlackFideId "13300474"]
[EventDate "2021.11.08"]
[EventType "k.o."]

1. c4 Nf6 2. Nc3 e6 3. e4 d5 4. e5 d4 5. exf6 dxc3 6. bxc3 Qxf6 7. d4 e5 8. Nf3
exd4 9. Bg5 Qe6+ 10. Be2 Be7 11. Nxd4 Qe5 12. Bxe7 Qxe7 13. O-O O-O 14. Re1 Qf6
15. Nb5 Na6 16. Qd4 Qxd4 17. cxd4 Rd8 18. c5 Kf8 19. Rab1 Bf5 20. Rb2 Be4 21.
Rd1 Rab8 22. Nc3 Bc6 23. Rdb1 Rbc8 24. d5 Bxd5 25. Nxd5 Rxd5 26. Bf3 Rdd8 27.
Bxb7 Nxc5 28. Bxc8 Rxc8 29. Rb8 Rxb8 30. Rxb8+ Ke7 31. Kf1 h5 32. Ke2 g6 33. Ke3
Kd6 34. Kd4 Ne6+ 35. Kc4 Kc6 36. Ra8 Kb6 37. Re8 Kc6 38. h4 a6 39. g3 Kb6 40.
Kd5 c6+ 41. Ke5 c5 42. Re7 c4 43. Ke4 Kb5 44. Rxf7 Kb4 45. Rb7+ Kc3 46. Rb6 Nc5+
47. Ke3 Nd3 48. Rxa6 Ne5 49. Re6 Ng4+ 50. Ke2 Kd4 51. f3 Ne5 52. a4 Nd3 53. a5
Nc5 54. Rxg6 c3 55. Rc6 c2 56. Rxc5 Kxc5 57. Kd2 Kb5 58. Kxc2 Kxa5 59. Kd3 Kb5
60. Ke4 Kc5 61. Kf5 Kd4 62. Kg5 Ke3 63. Kxh5 Kxf3 64. g4 Ke4 65. g5 Kf5 66. Kh6
Ke5 67. h5 Kd4 68. g6 Kc3 69. g7 Kd3 70. g8=Q Kd2 71. Kg6 Ke3 72. h6 Kd3 73. h7
Kc3 74. h8=Q+ Kd2 75. Qhg7 Ke2 76. Q7f7 Ke3 77. Qge8+ Kd3 78. Qfd7+ Kc3 79.
Qec8+ Kb2 80. Qdb7+ Ka3 81. Qca8# 1-0

[Event "chess.com Speed 2021"]
[Site "chess.com INT"]
[Date "2021.11.11"]
[Round "1.35"]
[White "Aronian, Levon"]
[Black "Dubov, Daniil"]
[Result "0-1"]
[WhiteTitle "GM"]
[BlackTitle "GM"]
[WhiteElo "2782"]
[BlackElo "2714"]
[WhiteFideId "13300474"]
[BlackFideId "24126055"]
[EventDate "2021.11.08"]
[EventType "k.o."]

1. e4 c6 2. Nf3 d5 3. d3 Nd7 4. Qe2 dxe4 5. dxe4 e5 6. g3 Ngf6 7. Bg2 Be7 8. O-O
O-O 9. a4 a5 10. Rd1 Qc7 11. Nbd2 Nc5 12. Nh4 Re8 13. Nf5 Bxf5 14. exf5 e4 15.
Nc4 Nd5 16. Bd2 Bf6 17. c3 Rad8 18. Ne3 Nb3 19. Rab1 Nxd2 20. Rxd2 Bg5 21. Nxd5
cxd5 22. Rdd1 Qe5 23. Qg4 Bf6 24. Rd2 e3 25. Re2 d4 26. Rbe1 Qc5 27. cxd4 Rxd4
28. Qf3 exf2+ 29. Qxf2 Rxe2 30. Rxe2 Rd1+ 31. Bf1 Bd4 32. Re8+ Qf8 33. Rxf8+
Kxf8 34. b3 Rd2 35. Qxd4 Rxd4 36. h3 Rd5 37. g4 Rd2 38. Bc4 b6 39. Kf1 f6 40.
Ke1 Rh2 41. Be6 Ke7 42. Kf1 Kd6 43. Kg1 Rxh3 44. Kg2 Rc3 45. Kf2 Ke5 46. Bg8 h6
47. Be6 Kf4 48. Ke2 Rg3 49. Kd2 Rxg4 50. Ke2 Rg3 51. Kf2 h5 52. Bd5 h4 53. Ke2
h3 54. Kf2 Rc3 55. Ke2 h2 56. Bb7 Re3+ 57. Kd2 Rf3 58. Bxf3 Kxf3 59. Kd3 h1=Q
60. Kc4 Qg1 61. Kb5 Qc5+ 62. Ka6 Ke4 63. Kb7 Kd5 64. b4 axb4 65. a5 bxa5 66. Ka6
b3 67. Kb7 Kd6 68. Ka6 Qb4 69. Ka7 Kc7 70. Ka8 Qb7# 0-1

[Event "chess.com Speed 2021"]
[Site "chess.com INT"]
[Date "2021.11.11"]
[Round "1.36"]
[White "Dubov, Daniil"]
[Black "Aronian, Levon"]
[Result "1-0"]
[WhiteTitle "GM"]
[BlackTitle "GM"]
[WhiteElo "2714"]
[BlackElo "2782"]
[WhiteFideId "24126055"]
[BlackFideId "13300474"]
[EventDate "2021.11.08"]
[EventType "k.o."]

1. c4 Nf6 2. Nc3 e6 3. e4 d5 4. e5 d4 5. exf6 dxc3 6. bxc3 Qxf6 7. d4 e5 8. Nf3
exd4 9. Bg5 Qe6+ 10. Be2 Be7 11. Nxd4 Qe5 12. Bxe7 Qxe7 13. O-O O-O 14. Re1 c6
15. Bg4 Qg5 16. Bxc8 Rxc8 17. Qf3 Na6 18. h4 Qc5 19. Re4 g6 20. Rae1 Rf8 21. Qf6
Rad8 22. Re7 Rd6 23. R1e6 Rxd4 24. cxd4 Qb4 25. h5 Qb1+ 26. Re1 Qf5 27. Qxf5
gxf5 28. h6 Nb4 29. Rxb7 Nc2 30. Ree7 Nxd4 31. Red7 Ne6 32. Rxa7 f4 33. a4 Nc5
34. Re7 Nb3 35. a5 Nd2 36. a6 Nxc4 37. Rab7 Nd6 38. Rbd7 Nb5 39. a7 Nxa7 40.
Rxa7 c5 41. Rac7 c4 42. Rxc4 Rd8 43. Rxf4 Rf8 44. Rf6 Kh8 45. Rfxf7 Rxf7 46.
Rxf7 Kg8 47. Rf6 Kh8 48. Rf8# 1-0

[Event "chess.com Speed 2021"]
[Site "chess.com INT"]
[Date "2021.11.11"]
[Round "1.37"]
[White "Aronian, Levon"]
[Black "Dubov, Daniil"]
[Result "1-0"]
[WhiteTitle "GM"]
[BlackTitle "GM"]
[WhiteElo "2782"]
[BlackElo "2714"]
[WhiteFideId "13300474"]
[BlackFideId "24126055"]
[EventDate "2021.11.08"]
[EventType "k.o."]

1. d4 c6 2. Nf3 d5 3. Bf4 Nf6 4. e3 Bg4 5. c4 Nbd7 6. Nc3 Bxf3 7. gxf3 e6 8. Qb3
dxc4 9. Bxc4 Nb6 10. Be2 Be7 11. Rg1 O-O 12. O-O-O Kh8 13. Kb1 a5 14. e4 a4 15.
Qc2 a3 16. b3 Bb4 17. Bg5 Qc7 18. Rg3 Nh5 19. Rh3 Nf4 20. Rh4 Ng6 21. Rh3 Rad8
22. Be3 Nf4 23. Rh4 Ng6 24. Rh5 Rd7 25. Rg1 Rfd8 26. e5 Bxc3 27. Rxg6 fxg6 28.
Qxg6 Kg8 29. Qxh7+ Kf8 30. Rg5 Rf7 31. f4 Bxd4 32. Rxg7 Rxg7 33. Qh8+ Rg8 34.
Qf6+ Ke8 35. Qxe6+ Qe7 36. Qxg8+ Kd7 37. Bg4+ Kc7 38. Qe6 Qb4 39. Qf7+ Kb8 40.
Qf6 Qe1+ 41. Kc2 Qc3+ 42. Kd1 Qd3+ 43. Bd2 Rd5 44. Qf8+ Ka7 45. Qxa3+ Kb8 46.
Qf8+ Kc7 47. Qf7+ Nd7 48. Qf5 Qxf5 49. Bxf5 Bc3 50. Ke2 Rxd2+ 51. Kf3 Rd4 52.
Ke3 Nc5 53. Kf3 Bd2 54. Kg4 Rxf4+ 55. Kg5 Rxf2+ 56. Kf6 Rxh2 57. e6 Re2 58. e7
Bc3+ 59. Kf7 Rxe7+ 60. Kxe7 Bb4 61. Kf6 Ba3 62. Ke5 Na6 63. Bb1 Nb4 64. Kd4 Kd6
65. Kc4 b5+ 66. Kd4 c5+ 67. Kc3 Ke5 68. Kd2 1-0

[Event "chess.com Speed 2021"]
[Site "chess.com INT"]
[Date "2021.11.11"]
[Round "1.38"]
[White "Dubov, Daniil"]
[Black "Aronian, Levon"]
[Result "1-0"]
[WhiteTitle "GM"]
[BlackTitle "GM"]
[WhiteElo "2714"]
[BlackElo "2782"]
[WhiteFideId "24126055"]
[BlackFideId "13300474"]
[EventDate "2021.11.08"]
[EventType "k.o."]

1. d4 Nf6 2. Nf3 e6 3. e4 Nxe4 4. Bd3 Nf6 5. O-O Be7 6. c4 O-O 7. Re1 d6 8. Nc3
Nbd7 9. Bg5 Re8 10. Qc2 Nf8 11. Re2 Nh5 12. Bd2 Ng6 13. Rae1 Bd7 14. g4 Nhf4 15.
Bxf4 Nxf4 16. Bxh7+ Kh8 17. Re4 Nh3+ 18. Kg2 Ng5 19. Nxg5 Bxg5 20. h4 Bxh4 21.
Rh1 g5 22. Re3 Kg7 23. Rf3 Rh8 24. Rxf7+ Kxf7 25. Qg6+ Kf8 26. Qh6+ Kf7 27. Qg6+
Kf8 28. Rh3 Bc6+ 29. d5 Qe8 30. Rf3+ Ke7 31. Qg7+ Kd8 32. dxc6 bxc6 33. Rf7 a5
34. Ne4 c5 35. Nf6 Qc6+ 36. Be4 Qxe4+ 37. Nxe4 Re8 38. Rxc7 Ra6 39. Qd7# 1-0

[Event "chess.com Speed 2021"]
[Site "chess.com INT"]
[Date "2021.11.11"]
[Round "1.39"]
[White "Aronian, Levon"]
[Black "Dubov, Daniil"]
[Result "1/2-1/2"]
[WhiteTitle "GM"]
[BlackTitle "GM"]
[WhiteElo "2782"]
[BlackElo "2714"]
[WhiteFideId "13300474"]
[BlackFideId "24126055"]
[EventDate "2021.11.08"]
[EventType "k.o."]

1. d4 c6 2. Nf3 d5 3. Bf4 Nf6 4. e3 g6 5. c4 Bg7 6. Nc3 O-O 7. h3 Be6 8. c5 b6
9. b4 a5 10. a3 Ne4 11. Nxe4 dxe4 12. Nd2 Bd5 13. Bc4 Nd7 14. Bxd5 cxd5 15. c6
e5 16. Bg3 exd4 17. exd4 Bxd4 18. cxd7 axb4 19. Ra2 Qxd7 20. Qb3 Rxa3 21. Rxa3
bxa3 22. Qxa3 Qb5 23. Qb3 Qa5 24. O-O Qxd2 25. Rd1 Qb2 26. Qxd5 Bc5 27. Qxe4 h5
28. Rd3 Qf6 29. Rf3 Qe6 30. Qh4 Re8 31. Kh2 Bd6 32. Qa4 Bxg3+ 33. Rxg3 Rd8 34.
Qb5 Qd6 35. Qg5 Rc8 36. f4 Rc5 37. Qh6 Rf5 38. Rf3 b5 39. g4 hxg4 40. hxg4 Rd5
41. Kg3 Rd3 42. Qh1 b4 43. Rxd3 Qxd3+ 44. Kh4 Qd8+ 45. g5 Qd4 46. Qa8+ Kg7 47.
Qb8 Qc3 48. f5 gxf5 49. g6 Qd4+ 50. Kh3 Qg4+ 51. Kh2 Qh4+ 52. Kg2 Qe4+ 53. Kh2
Kxg6 54. Qg8+ Kf6 55. Qh8+ Ke6 56. Qe8+ Kd5 57. Qxf7+ Kd4 58. Qd7+ Qd5 59. Qa7+
Kd3 60. Qa1 Qd6+ 61. Kg2 Qc6+ 62. Kf2 Qc2+ 63. Kf3 Qe2+ 64. Kf4 Qe4+ 65. Kg5
Qg4+ 66. Kh6 Qh3+ 67. Kg5 Qg4+ 68. Kh6 Qd4 69. Qb1+ Kc3 70. Qc1+ Kb3 71. Qb1+
Ka3 72. Qc1+ Qb2 73. Qe3+ Qb3 74. Qa7+ Kb2 75. Qf2+ Qc2 76. Qd4+ Qc3 77. Qf2+
Ka3 78. Qa7+ Kb3 79. Qf7+ Kb2 80. Qxf5 Qc1+ 81. Kg7 Qc3+ 82. Kf7 b3 83. Qf2+ Ka3
84. Qa7+ Kb2 85. Qf2+ Qc2 86. Qd4+ Kb1 87. Qg1+ Ka2 88. Qa7+ Kb2 89. Qd4+ Qc3
90. Qf2+ 1/2-1/2

[Event "chess.com Speed 2021"]
[Site "chess.com INT"]
[Date "2021.11.15"]
[Round "1.11"]
[White "So, Wesley"]
[Black "Xiong, Jeffery"]
[Result "1/2-1/2"]
[WhiteTitle "GM"]
[BlackTitle "GM"]
[WhiteElo "2772"]
[BlackElo "2687"]
[WhiteFideId "5202213"]
[BlackFideId "2047640"]
[EventDate "2021.11.08"]
[EventType "k.o."]

1. e4 e6 2. d4 d5 3. Nd2 c5 4. Ngf3 cxd4 5. Nxd4 Nc6 6. Bb5 Bd7 7. Nxc6 bxc6 8.
Bd3 Qc7 9. Qe2 Ne7 10. O-O Ng6 11. Nf3 Be7 12. c4 dxe4 13. Bxe4 f5 14. Bc2 O-O
15. Re1 Rae8 16. Ng5 Bxg5 17. Bxg5 e5 18. Rad1 Be6 19. h4 e4 20. h5 Nf4 21. Bxf4
Qxf4 22. Qe3 Qxe3 23. Rxe3 Bxc4 24. Bb3 Bxb3 25. Rxb3 Rb8 26. Ra3 Rf7 27. b3 f4
28. Ra4 Re8 29. Rc4 Rf6 30. Rdd4 e3 31. fxe3 fxe3 32. Re4 Rxe4 33. Rxe4 Rf5 34.
Rxe3 Rxh5 35. Rc3 c5 1/2-1/2

[Event "chess.com Speed 2021"]
[Site "chess.com INT"]
[Date "2021.11.15"]
[Round "1.12"]
[White "Xiong, Jeffery"]
[Black "So, Wesley"]
[Result "1-0"]
[WhiteTitle "GM"]
[BlackTitle "GM"]
[WhiteElo "2687"]
[BlackElo "2772"]
[WhiteFideId "2047640"]
[BlackFideId "5202213"]
[EventDate "2021.11.08"]
[EventType "k.o."]

1. d4 Nf6 2. c4 e6 3. Nc3 Bb4 4. Nf3 d5 5. Qa4+ Nc6 6. Bd2 O-O 7. a3 Bxc3 8.
Bxc3 Bd7 9. Qb3 dxc4 10. Qxc4 Ne4 11. e3 Nxc3 12. Qxc3 Rc8 13. Bd3 Re8 14. b4
Qe7 15. Rd1 h6 16. Be4 Nd8 17. Ne5 Bb5 18. Qb3 f6 19. Nd3 Bxd3 20. Rxd3 f5 21.
Bxf5 Qg5 22. Be4 c6 23. O-O Nf7 24. f4 Qf6 25. Bf3 Rcd8 26. b5 cxb5 27. Qxb5 Nd6
28. Qe5 b6 29. Rc1 Qe7 30. Rdc3 1-0

[Event "chess.com Speed 2021"]
[Site "chess.com INT"]
[Date "2021.11.15"]
[Round "1.13"]
[White "So, Wesley"]
[Black "Xiong, Jeffery"]
[Result "1-0"]
[WhiteTitle "GM"]
[BlackTitle "GM"]
[WhiteElo "2772"]
[BlackElo "2687"]
[WhiteFideId "5202213"]
[BlackFideId "2047640"]
[EventDate "2021.11.08"]
[EventType "k.o."]

1. d4 Nf6 2. Nf3 d5 3. c4 e6 4. Nc3 c5 5. cxd5 Nxd5 6. e4 Nxc3 7. bxc3 cxd4 8.
cxd4 Bb4+ 9. Bd2 Bxd2+ 10. Qxd2 O-O 11. Rc1 b6 12. Bd3 Ba6 13. O-O Qd6 14. Rc3
Bxd3 15. Qxd3 Nc6 16. Rfc1 Ne7 17. Qa6 h6 18. Rc7 Qf4 19. Ne5 Ng6 20. Nxg6 fxg6
21. Qe2 Rad8 22. g3 Qd6 23. Rxa7 Qxd4 24. Rcc7 Kh8 25. Rxg7 Qxg7 26. Rxg7 Kxg7
27. Qb2+ Kf7 28. Qxb6 Ra8 29. Qb7+ Kg8 30. Qb3 Ra6 31. a4 Rfa8 32. h4 h5 33. Kg2
R8a7 34. Kh3 Kf7 35. Qf3+ Kg7 36. Qc3+ Kf7 37. Qh8 e5 38. Qxe5 Rxa4 39. Qh8 R4a6
40. Qh7+ Kf8 41. Qh8+ Kf7 42. f4 Ra1 43. f5 Rh1+ 44. Kg2 Rha1 45. Qh7+ Kf6 46.
Qxg6+ Ke5 47. Qe6+ Kd4 48. Kf3 Rf1+ 49. Ke2 Raa1 50. Qd5+ Kc3 51. Qc5+ Kb3 52.
f6 Rae1+ 53. Kd3 Rd1+ 54. Ke3 Rxf6 55. Qb5+ Kc2 56. Qa4+ Kc1 57. Qa1+ Kc2 58.
Qxf6 Re1+ 59. Kf2 1-0

[Event "chess.com Speed 2021"]
[Site "chess.com INT"]
[Date "2021.11.15"]
[Round "1.14"]
[White "Xiong, Jeffery"]
[Black "So, Wesley"]
[Result "0-1"]
[WhiteTitle "GM"]
[BlackTitle "GM"]
[WhiteElo "2687"]
[BlackElo "2772"]
[WhiteFideId "2047640"]
[BlackFideId "5202213"]
[EventDate "2021.11.08"]
[EventType "k.o."]

1. e4 c5 2. Nf3 d6 3. Bb5+ Bd7 4. Bxd7+ Qxd7 5. c4 Nf6 6. Nc3 g6 7. d4 cxd4 8.
Nxd4 Bg7 9. f3 O-O 10. Be3 Nc6 11. O-O a6 12. Qd3 Rfc8 13. b3 b5 14. cxb5 Ne5
15. Qd2 d5 16. Nxd5 Nxd5 17. exd5 axb5 18. Qe2 Qxd5 19. Rad1 Nc6 20. Nxb5 Qe6
21. Kf2 Nb4 22. Rd2 Nd5 23. Bd4 Bxd4+ 24. Nxd4 Qb6 25. Qb5 Rxa2 26. Rxa2 Qxd4+
27. Kg3 Qe5+ 28. Kf2 Qe3+ 29. Kg3 Nc3 30. Qb7 Qe5+ 31. f4 Ne4+ 32. Kf3 Nd2+ 33.
Kg4 Qf5+ 34. Kh4 Nxf1 35. g4 Qf6+ 0-1

[Event "chess.com Speed 2021"]
[Site "chess.com INT"]
[Date "2021.11.15"]
[Round "1.15"]
[White "So, Wesley"]
[Black "Xiong, Jeffery"]
[Result "0-1"]
[WhiteTitle "GM"]
[BlackTitle "GM"]
[WhiteElo "2772"]
[BlackElo "2687"]
[WhiteFideId "5202213"]
[BlackFideId "2047640"]
[EventDate "2021.11.08"]
[EventType "k.o."]

1. d4 Nf6 2. c4 g6 3. Nf3 Bg7 4. e3 O-O 5. Be2 d6 6. O-O e5 7. Nc3 e4 8. Nd2 Re8
9. b4 h5 10. b5 Bf5 11. a4 Nbd7 12. a5 a6 13. Bb2 Nf8 14. Qb3 Ne6 15. Rfc1 Bh6
16. Nd5 Bg7 17. h3 Ng5 18. Nf4 Ne6 19. Nxe6 Bxe6 20. Qc2 Bf5 21. c5 Nd5 22. cxd6
cxd6 23. Qb3 Nc7 24. b6 Ne6 25. Qd5 Qh4 26. Bf1 Ng5 27. Rc7 Rad8 28. Rac1 Be5
29. dxe5 dxe5 30. Qxe5 Rxe5 31. Bxe5 Nxh3+ 32. gxh3 Rxd2 33. Bg3 Qf6 34. Rxb7 h4
35. Rb8+ Kg7 36. Bf4 g5 37. b7 Rb2 38. Bh2 Bxh3 39. Be2 Rxe2 40. Rg8+ Kxg8 41.
b8=Q+ Kh7 0-1

[Event "chess.com Speed 2021"]
[Site "chess.com INT"]
[Date "2021.11.15"]
[Round "1.16"]
[White "Xiong, Jeffery"]
[Black "So, Wesley"]
[Result "1/2-1/2"]
[WhiteTitle "GM"]
[BlackTitle "GM"]
[WhiteElo "2687"]
[BlackElo "2772"]
[WhiteFideId "2047640"]
[BlackFideId "5202213"]
[EventDate "2021.11.08"]
[EventType "k.o."]

1. d4 Nf6 2. c4 e6 3. Nc3 d5 4. cxd5 exd5 5. Bg5 c6 6. e3 Bf5 7. Qf3 Bg6 8. Bxf6
Qxf6 9. Qxf6 gxf6 10. Nf3 Nd7 11. g3 Nb6 12. Nh4 Be7 13. Kd2 Nc8 14. Bd3 Nd6 15.
Na4 Bxd3 16. Kxd3 f5 17. Ng2 h5 18. h4 Ne4 19. Ke2 Bd6 20. Nc3 Ke7 21. Ne1 a5
22. Nd3 a4 23. Rac1 Rhg8 24. Rhg1 Ra5 25. Rc2 Kd7 26. Kf3 Raa8 27. Ne2 Ke7 28.
Nef4 Nf6 29. Rb1 Ra5 30. b4 axb3 31. Rxb3 Ra7 32. a4 Rb8 33. Rcb2 Kd8 34. Nh3
Kc7 35. Ng5 Rf8 36. Ne5 Bxe5 37. dxe5 Ne4 38. Kf4 Nc5 39. Ra3 f6 40. exf6 Rxf6
41. Ke5 Nd7+ 42. Kf4 b5 43. Nf3 Nc5 44. Nd4 Rxa4 45. Rxa4 bxa4 46. Rc2 Kb6 47.
Kg5 Ne4+ 48. Kf4 c5 49. Ne2 Rf8 50. f3 Nd6 51. Nc3 a3 52. Nxd5+ Kb5 53. Rc3 Ra8
54. Nc7+ Kb4 55. Nd5+ Kb5 56. Nc7+ Kb4 57. Nd5+ Kb5 1/2-1/2

[Event "chess.com Speed 2021"]
[Site "chess.com INT"]
[Date "2021.11.15"]
[Round "1.17"]
[White "So, Wesley"]
[Black "Xiong, Jeffery"]
[Result "0-1"]
[WhiteTitle "GM"]
[BlackTitle "GM"]
[WhiteElo "2772"]
[BlackElo "2687"]
[WhiteFideId "5202213"]
[BlackFideId "2047640"]
[EventDate "2021.11.08"]
[EventType "k.o."]

1. d4 Nf6 2. Nf3 d5 3. c4 e6 4. Nc3 dxc4 5. e4 b5 6. e5 Nd5 7. Nxb5 Nb6 8. Be3
Nc6 9. a3 Qd7 10. Nc3 Bb7 11. Be2 Be7 12. Qc2 O-O-O 13. Rd1 g5 14. Ne4 g4 15.
Nfg5 Bxg5 16. Nxg5 h5 17. Ne4 Qd5 18. f3 Ne7 19. Bg5 Nf5 20. Bxd8 Rxd8 21. Nf6
Qc6 22. Qc3 Na4 23. Qb4 Nxd4 24. Kf2 a5 25. Qxa5 gxf3 26. Bxf3 Nxf3 27. Rxd8+
Kxd8 28. Qb4 Nc5 29. Rd1+ Kc8 30. gxf3 Qxf3+ 31. Ke1 Qe3+ 32. Kf1 Qf4+ 33. Kg1
Qg5+ 34. Kf1 Qf5+ 35. Kg1 Qf3 36. Rd2 Qh1+ 37. Kf2 Qxh2+ 38. Ke1 Qxe5+ 39. Kd1
Bf3+ 40. Kc2 Qf5+ 41. Kc3 Qxf6+ 42. Kxc4 Nd7 0-1

[Event "chess.com Speed 2021"]
[Site "chess.com INT"]
[Date "2021.11.15"]
[Round "1.18"]
[White "Xiong, Jeffery"]
[Black "So, Wesley"]
[Result "1-0"]
[WhiteTitle "GM"]
[BlackTitle "GM"]
[WhiteElo "2687"]
[BlackElo "2772"]
[WhiteFideId "2047640"]
[BlackFideId "5202213"]
[EventDate "2021.11.08"]
[EventType "k.o."]

1. e4 c5 2. Nf3 d6 3. Bb5+ Nd7 4. d4 cxd4 5. Nxd4 Nf6 6. O-O a6 7. Bd3 e5 8. Nb3
Be7 9. c4 a5 10. Be3 a4 11. N3d2 Nc5 12. Bc2 Bd7 13. Nc3 O-O 14. h3 Qa5 15. Rb1
Rfc8 16. Qe2 Qb4 17. a3 Qa5 18. Nb5 g6 19. Rfd1 Ne6 20. Qd3 Nc5 21. Bxc5 dxc5
22. Nc3 Rd8 23. Nd5 Nxd5 24. cxd5 b5 25. Nf3 Bd6 26. Qe3 f6 27. Bd3 c4 28. Be2
Rac8 29. Qh6 Bf8 30. Qh4 Kg7 31. Nh2 c3 32. bxc3 Rxc3 33. Ng4 Qb6 34. Bxb5 Rb3
35. Rxb3 axb3 36. Bc6 Be7 37. Qh6+ Kg8 38. Rb1 Bxg4 39. hxg4 Bc5 40. Qh4 g5 41.
Qg3 b2 42. a4 Kg7 43. Bb5 Bd4 44. Qa3 Qc7 45. Kh2 Qf7 46. Rxb2 Bxb2 47. Qxb2 h5
48. Be2 h4 49. Qb6 Rc8 50. d6 Rc2 51. Bb5 Rxf2 52. Qxf2 1-0

[Event "chess.com Speed 2021"]
[Site "chess.com INT"]
[Date "2021.11.15"]
[Round "1.19"]
[White "So, Wesley"]
[Black "Xiong, Jeffery"]
[Result "0-1"]
[WhiteTitle "GM"]
[BlackTitle "GM"]
[WhiteElo "2772"]
[BlackElo "2687"]
[WhiteFideId "5202213"]
[BlackFideId "2047640"]
[EventDate "2021.11.08"]
[EventType "k.o."]

1. e4 e5 2. Nf3 Nc6 3. Bb5 Nf6 4. O-O Nxe4 5. d4 Nd6 6. Bxc6 dxc6 7. dxe5 Nf5 8.
Qxd8+ Kxd8 9. h3 Bd7 10. Rd1 Be7 11. a4 a5 12. g4 Nh4 13. Nxh4 Bxh4 14. Nd2 Kc8
15. Nf3 Be7 16. Bg5 Bc5 17. Rd3 Be6 18. Rad1 b6 19. b3 h5 20. Nd4 Bxd4 21. Rxd4
hxg4 22. hxg4 Bd5 23. Rxd5 cxd5 24. Rxd5 Rh3 25. Be3 Rh8 26. Bg5 Kb7 27. Rd7
Rhf8 28. Kg2 Rae8 29. Bf4 Rd8 30. Re7 Rde8 31. Rd7 Re6 32. Bg3 Kc8 33. Rd4 Rc6
34. c4 Rd8 35. Rf4 Rd7 36. Rf3 Kd8 37. Re3 Rd2 38. Bf4 Rd1 39. Rh3 Rg6 40. g5
Kd7 41. Be3 Ke6 42. Rh8 Kxe5 43. Rc8 Rd7 0-1

[Event "chess.com Speed 2021"]
[Site "chess.com INT"]
[Date "2021.11.15"]
[Round "1.110"]
[White "Xiong, Jeffery"]
[Black "So, Wesley"]
[Result "1-0"]
[WhiteTitle "GM"]
[BlackTitle "GM"]
[WhiteElo "2687"]
[BlackElo "2772"]
[WhiteFideId "2047640"]
[BlackFideId "5202213"]
[EventDate "2021.11.08"]
[EventType "k.o."]

1. Nf3 d5 2. c4 d4 3. b4 f6 4. e3 e5 5. c5 a5 6. Qa4+ c6 7. Bc4 Ne7 8. O-O Na6
9. a3 axb4 10. axb4 Nc7 11. Qxa8 Nxa8 12. Rxa8 g5 13. exd4 e4 14. Re1 exf3 15.
Be6 Qxd4 16. Bxc8 Kf7 17. Be6+ Kg6 18. Nc3 Qxb4 19. Ne4 Bg7 20. Ra3 Nd5 21. Nd6
Nf4 22. Bf7+ 1-0

[Event "chess.com Speed 2021"]
[Site "chess.com INT"]
[Date "2021.11.15"]
[Round "1.21"]
[White "So, Wesley"]
[Black "Xiong, Jeffery"]
[Result "1/2-1/2"]
[WhiteTitle "GM"]
[BlackTitle "GM"]
[WhiteElo "2772"]
[BlackElo "2687"]
[WhiteFideId "5202213"]
[BlackFideId "2047640"]
[EventDate "2021.11.08"]
[EventType "k.o."]

1. d4 Nf6 2. Nf3 g6 3. c4 Bg7 4. Nc3 d5 5. cxd5 Nxd5 6. e4 Nxc3 7. bxc3 c5 8.
Be3 Bg4 9. Rc1 Qa5 10. Qd2 Bxf3 11. gxf3 e6 12. f4 O-O 13. d5 exd5 14. exd5 Nd7
15. c4 Qa3 16. Bd3 Rfe8 17. O-O Bd4 18. Rfe1 Rac8 19. Bb1 Bb2 20. Rc2 Bg7 21.
Rcc1 Bb2 22. Rcd1 b5 23. Qc2 bxc4 24. Qxc4 Nb6 25. Qc2 Bd4 26. Bxd4 cxd4 27.
Rxe8+ Rxe8 28. Rxd4 Qf3 29. Re4 Rc8 30. Qd2 Nxd5 31. Rd4 Qg4+ 32. Kh1 Qf3+ 33.
Kg1 Qg4+ 34. Kh1 Qf3+ 35. Kg1 1/2-1/2

[Event "chess.com Speed 2021"]
[Site "chess.com INT"]
[Date "2021.11.15"]
[Round "1.22"]
[White "Xiong, Jeffery"]
[Black "So, Wesley"]
[Result "1-0"]
[WhiteTitle "GM"]
[BlackTitle "GM"]
[WhiteElo "2687"]
[BlackElo "2772"]
[WhiteFideId "2047640"]
[BlackFideId "5202213"]
[EventDate "2021.11.08"]
[EventType "k.o."]

1. e4 e5 2. Nf3 Nc6 3. Bb5 Nf6 4. O-O Nxe4 5. d4 Nd6 6. dxe5 Nxb5 7. a4 Nbd4 8.
Nxd4 Nxd4 9. Qxd4 d5 10. Qd3 c6 11. a5 Qd7 12. Be3 Qf5 13. Qc3 h5 14. a6 h4 15.
h3 Be7 16. Nd2 O-O 17. axb7 Bxb7 18. Nb3 f6 19. Na5 Qc8 20. Bd4 c5 21. exf6 gxf6
22. Rfe1 cxd4 23. Qxc8 Bxc8 24. Rxe7 Bf5 25. Nc6 Bxc2 26. Nxd4 Bg6 27. Rd7 1-0